Schnelle Mathematik - Multiplikation zur Basis 3 Level 03 - Statistiken

Allgemein
  • Dieses Quiz wurde 63 mal gespielt
  • Das Durchschnittsergebnis liegt bei 16 aus 20
Antwortstatistiken
Frage Antwort % Korrekt
0⋅10 0
100%
0⋅12 0
100%
10⋅0 0
100%
11⋅0 0
100%
10⋅1 10
100%
1⋅12 12
100%
10⋅12 120
100%
12⋅10 120
100%
11⋅2 22
100%
1⋅1 1
92%
1⋅11 11
92%
10⋅11 110
92%
10⋅2 20
91%
0⋅11 0
90%
10⋅10 100
90%
11⋅10 110
90%
1⋅2 2
90%
2⋅1 2
90%
2⋅11 22
90%
1⋅10 10
89%
2⋅10 20
88%
0⋅0 0
86%
2⋅0 0
86%
0⋅2 0
83%
12⋅0 0
83%
11⋅1 11
82%
0⋅1 0
80%
1⋅0 0
75%
11⋅11 121
75%
12⋅1 12
70%
2⋅2 11
40%
12⋅2 101
25%
11⋅12 202
25%
12⋅12 221
20%
2⋅12 101
13%
12⋅11 202
11%
Keine übereinstimmenden Quizze gefunden
Verteilung der Resultate
Anzahl Personen mit jedem Resultat
Perzentil nach korrekt beantworteten Fragen
Ihre Resultats-Entwicklung
Sie haben dieses Quiz noch nicht gespielt